Filmographie de Tim Burton - Statistiques

Statistiques générales
  • Ce quiz a été pris 94 fois
  • Le résultat moyen est 16 sur 45
Statistiques - réponses
Hint Réponse % Correct
Long-métrage 1988 Beetlejuice
80%
Producteur 1989-1992 Beetlejuice (série télévisée d'animation)
80%
Long-métrage 1990 Edward aux mains d'argent
78%
Long-métrage 2005 Les Noces funèbres
76%
Long-métrage 2005 Charlie et la Chocolaterie
73%
Long-métrage 2010 Alice au pays des merveilles
65%
Court-métrage 1984 Frankenweenie
63%
Long-métrage 2012 Frankenweenie
63%
Long-métrage 1989 Batman
59%
Long-métrage 2016 Miss Peregrine et les Enfants particuliers
59%
Producteur 1993 L'Étrange Noël de monsieur Jack
58%
Long-métrage 1999 Sleepy Hollow : La Légende du cavalier sans tête
58%
Long-métrage 2003 Big Fish
56%
Séries 2022 Mercredi
56%
Long-métrage 2019 Dumbo
54%
Long-métrage 2007 Sweeney Todd : Le Diabolique Barbier de Fleet Street
54%
Long-métrage 2024 Beetlejuice Beetlejuice
52%
Long-métrage 2014 Big Eyes
52%
Long-métrage 2012 Dark Shadows
49%
Long-métrage 2001 La Planète des singes
46%
Long-métrage 1994 Ed Wood
44%
Long-métrage 1992 Batman : Le Défi
38%
Long-métrage 1996 Mars Attacks!
37%
Long-métrage 1985 Pee-Wee Big Adventure
34%
Court-métrage 1982 Vincent
33%
Court-métrage 1982 Hansel et Gretel
15%
Producteur 1996 James et la Pêche géante
13%
Producteur 1995 Batman Forever
11%
Court-métrage 1979 Doctor of Doom
11%
Court-métrage 1982 Luau
10%
Court-métrage 1984 Aladdin and His Wonderful Lamp
9%
Clips 2006 Bones de The Killers
9%
Clips 2012 Here with Me de The Killers
9%
Séries 2000 Stainboy
9%
Court-métrage 1971 The Island of Doctor Agor
9%
Séries 1986 Alfred Hitchcock présente
8%
Court-métrage 1971 Houdini: The Untold Story
8%
Court-métrage 1974 1997
6%
Producteur 1994 Cabin Boy
6%
Clips 2004 Predictable de Good Charlotte
6%
Court-métrage 1979 Stalk of the Celery Monster
6%
Court-métrage 1972 Tim's Dreams
6%
Producteur 1993 Family Dog
5%
Court-métrage 1979 King and Octopus Animation
5%
Court-métrage 1971 Prehistoric Caveman
5%
Aucun quiz correspondant
Distribution des résultats
% des personnes avec chaque résultat
Percentile par nombre de réponses
Votre historique - résultats
Vous n’avez pas pris ce quiz